000 01192nam a2200253Ia 4500
999 _c34544
_d34544
001 299
003 GE_BSU
005 20200204153508.0
008 181216s2006||||ge |||||||||||||| ||geo||
020 _a999400767X
040 _cGE_BSU
041 _ageo
080 _a796(031) ბ-52
100 _aბერიშვილი, ელგუჯა
_96785
245 _aსპორტის ენციკლოპედია /
_cპროექტის ავტ. და მთ. რედ. ელგუჯა ბერიშვილი ; [რედ.: ზურაბ მეძველია და სხვ. ; მხატვ. ჯემალ ზენაიშვილი].
264 _aთბილისი,
_c2006.
300 _a700 გვ.:
_bილ.;
_c30 სმ.
653 _aსპორტი
653 _aსპორტის ენციკლოპედია
700 _aბერიშვილი, ელგუჯა
_eრედაქტორი
_96785
700 _aმეძველია, ზურაბ
_eრედაქტორი
_96786
700 _aზენაიშვილი, ჯემალ
_eმხატვარი
_96787
942 _cBK
_2udc